| 000 | 02670 a2200229 4500 | ||
|---|---|---|---|
| 003 | UA-OsUOA | ||
| 005 | 20201231205029.0 | ||
| 008 | 201231b un ||||| |||| 00| 0 ukr d | ||
| 020 | _a9786171276154 | ||
| 040 |
_aUA-OsUOA _bukr _cUA-OsUOA _dUA-OsUOA |
||
| 041 | _aukr | ||
| 080 | _a159.9 | ||
| 090 |
_a159.9 _bЧ-75 |
||
| 245 |
_aЧому люди тупі? Психологія дурості _cза ред. Жана-Франсуа Марміона |
||
| 260 |
_aХарків _bКлуб Сімейного Дозвілля _c2020 |
||
| 300 | _a240 с. | ||
| 520 | _aЩодня без винятку ми бачимо, чуємо й читаємо дурниці. Водночас усі їх роблять, думають, перетравлюють і говорять. Усі ми час від часу буваємо дурнями, які мимохіть верзуть дурниці без важких наслідків. Та поза щоденним фоновим шумом глупства доводиться мати справу з натовпом фахових, коронованих дурнів, дурнів із великої літери. І в цих дурнях, хоч де вони нас спіткають, на роботі чи вдома, немає нічого смішного. Тож чому їхня «популяція» збільшується, перетворюючи дурість із вади на еталон? Французький науковий журналіст Жан-Франсуа Марміон здійснив приголомшливе комплексне дослідження феномена людської тупості. Як інтернет і соціальні мережі роблять нас дурними? Чому дуже розумні люди часом вірять у дурниці? Як боротися з колективною тупістю? Пропаганда відсталості та методи протистояння обскурантизму. У цій сміливій, часом зухвалій і відвертій історії психіатри, вчені, філософи, соціологи та письменники з усього світу пропонують нам свій погляд на людську дурість, її природу і на те, чому вона досі існує в нашому житті. | ||
| 650 |
_2UDC _a159.9 Психологія |
||
| 942 |
_cBK _2udc |
||
| 955 | _a4 | ||
| 999 |
_c464154 _d464154 |
||